[Event "ICS rated standard match"]
[Site "204.178.125.65"]
[Date "2000.05.19"]
[Round "?"]
[White "Hossa"]
[Black "jacdion"]
[Result "0-1"]
[WhiteElo "2383"]
[BlackElo "2162"]
[PlyCount "118"]
[EventDate "2000.??.??"]

1. d4 d5 2. Bf4 Nf6 3. Nf3 e6 4. e3 c5 5. Nc3 Qb6 6. Nb5 Na6 7. Ne5 c4 8. a4
Bd7 9. Nxd7 Nxd7 10. e4 Be7 11. Be2 O-O 12. O-O Qc6 13. exd5 exd5 14. Bg4 f5
15. Bh5 Nf6 16. Re1 Ne4 17. f3 Bg5 18. fxe4 Bxf4 19. exd5 Qh6 20. g3 Be3+ 21.
Kh1 f4 22. gxf4 Bxf4 23. Qe2 Nb4 24. Bg4 Kh8 25. Be6 Rad8 26. Nc3 Bd2 27. Rf1
Nxc2 28. Rxf8+ Rxf8 29. Rf1 Rxf1+ 30. Qxf1 Bf4 31. Qf2 Nxd4 32. Ne4 Nb3 33. Bc8
Nc1 34. Bh3 b6 35. Bf1 Nd3 36. Bxd3 cxd3 37. Nc3 Kg8 38. b3 Be5 39. Ne4 Qh5 40.
Nd2 Bd6 41. h4 Qd1+ 42. Kg2 Qg4+ 43. Kf1 Bc5 44. Nf3 Bxf2 45. Kxf2 Qf4 46. d6
d2 47. Ke2 Qxf3+ 48. Kxf3 d1=Q+ 49. Ke4 Qxd6 50. h5 Kf7 51. b4 Ke6 52. a5 Qxb4+
53. Kf3 Kf5 54. axb6 axb6 55. h6 Qf4+ 56. Kg2 Kg4 57. hxg7 Qg3+ 58. Kf1 Kf3 59.
g8=Q Qf2# {Hossa checkmated} 0-1

[Event "ICS rated standard match"]
[Site "204.178.125.65"]
[Date "2000.05.19"]
[Round "?"]
[White "jacdion"]
[Black "Hossa"]
[Result "1-0"]
[WhiteElo "2203"]
[BlackElo "2364"]
[PlyCount "89"]
[EventDate "2000.??.??"]

1. e4 c5 2. Nf3 Nc6 3. d4 cxd4 4. Nxd4 e5 5. Nb5 a6 6. Nd6+ Bxd6 7. Qxd6 Qf6 8.
Qd1 Qg6 9. Nc3 Nge7 10. h4 h5 11. Rh3 b5 12. Rg3 Qh7 13. Be3 f5 14. exf5 Nxf5
15. Bd3 O-O 16. Qf3 Kh8 17. Bc5 Rf7 18. Ne4 d5 19. Ng5 Qg6 20. Qxd5 Rf6 21.
Bxf5 Bxf5 22. Be7 Raf8 23. Bxf8 Rxf8 24. c3 b4 25. Rd1 Qe8 26. Rf3 g6 27. Qd6
e4 28. Rxf5 Rxf5 29. Qc7 Rxg5 30. hxg5 e3 31. Rd7 exf2+ 32. Kxf2 Qf8+ 33. Kg1
Qc5+ 34. Kh1 Qf8 35. Rf7 Qg8 36. Qf4 Qxf7 37. Qxf7 h4 38. Qxg6 Ne5 39. Qe8+ Kh7
40. Qxe5 bxc3 41. Kh2 Kg8 42. Qf6 cxb2 43. g6 b1=Q 44. Qf7+ Kh8 45. Qh7# {
Hossa checkmated} 1-0

[Event "ICS rated standard match"]
[Site "204.178.125.65"]
[Date "2000.05.19"]
[Round "?"]
[White "Hossa"]
[Black "Not-soBad"]
[Result "1-0"]
[WhiteElo "2345"]
[BlackElo "2268"]
[PlyCount "42"]
[EventDate "2000.??.??"]

1. d4 Nf6 2. Nf3 d5 3. c4 e6 4. Nc3 Be7 5. Bg5 Nbd7 6. e3 O-O 7. Rc1 Re8 8. Bd3
a6 9. O-O dxc4 10. Bxc4 b5 11. Bb3 Bb7 12. d5 exd5 13. Nxd5 Nxd5 14. Bxd5 Bxd5
15. Qxd5 c5 16. Rfd1 Ra7 17. Bf4 c4 18. Nd4 Nf6 19. Qxd8 Rxd8 20. Nc6 Rxd1+ 21.
Rxd1 Rd7 {Not-soBad resigns} 1-0

[Event "ICS rated blitz match"]
[Site "204.178.125.65"]
[Date "2000.05.19"]
[Round "?"]
[White "Hossa"]
[Black "QueenMaxima"]
[Result "0-1"]
[WhiteElo "2415"]
[BlackElo "2502"]
[PlyCount "108"]
[EventDate "2000.??.??"]

1. d4 d5 2. Bg5 Nf6 3. Nd2 c6 4. e3 Bf5 5. Bd3 Bxd3 6. cxd3 Qb6 7. b3 Nbd7 8.
Ne2 e6 9. e4 dxe4 10. dxe4 Bb4 11. f3 e5 12. O-O exd4 13. Nc4 Qc5 14. a3 d3+
15. Be3 dxe2 16. Qxe2 Qe7 17. axb4 O-O 18. Bxa7 Qxb4 19. Qe3 Rfc8 20. Rfd1 b5
21. Nd6 Nd5 22. Rxd5 cxd5 23. Nxc8 Rxc8 24. exd5 Rc3 25. Qe8+ Nf8 26. Rb1 Rxb3
27. Rd1 Rb1 28. Qe2 Rb2 29. Qe4 Qb3 30. Rf1 Rd2 31. Bd4 Qd3 32. Bc5 Qxd5 33.
Qe7 Qa8 34. Qg5 Rd5 35. Qe7 Ne6 36. Bb6 Rd2 37. Re1 h6 38. Kh1 Rc2 39. Rd1 Qc6
40. Bg1 Ra2 41. Rd7 Qc2 42. Qxf7+ Kh7 43. Rd2 Qxd2 44. Qf5+ g6 45. Qg4 Qe1 46.
Qe4 Qxe4 47. fxe4 b4 48. h4 b3 49. Kh2 b2 50. h5 b1=Q 51. e5 g5 52. Be3 Qb2 53.
Bd2 Qxd2 54. Kg3 Qxg2# {Hossa checkmated} 0-1

[Event "ICS Rated blitz match"]
[Site "204.178.125.65"]
[Date "2000.05.19"]
[Round "?"]
[White "QueenMaxima"]
[Black "Hossa"]
[Result "0-1"]
[WhiteElo "2514"]
[BlackElo "2403"]
[PlyCount "106"]
[EventDate "2000.??.??"]

1. e4 c5 2. Nf3 Nc6 3. Bb5 Qb6 4. Nc3 e6 5. Bxc6 bxc6 6. O-O d5 7. d3 Nf6 8. e5
Nd7 9. Na4 Qc7 10. Qe1 Ba6 11. Bg5 c4 12. Rd1 c5 13. b3 h6 14. Bd2 cxd3 15.
cxd3 Nb6 16. Ba5 Be7 17. h3 g5 18. Qe3 d4 19. Qe2 Qb7 20. Nb2 h5 21. Bd2 g4 22.
hxg4 hxg4 23. Nh2 g3 24. fxg3 Nd5 25. Ng4 Rh7 26. Nf6+ Bxf6 27. exf6 O-O-O 28.
Rc1 Qc7 29. Bf4 Nxf4 30. gxf4 Rd5 31. b4 Qd8 32. Na4 Qh8 33. Nxc5 Rh1+ 34. Kf2
Qh4+ 35. Kf3 Qh5+ 36. g4 Rh3+ 37. Ke4 Qh7+ 38. f5 Bb7 39. Nxb7+ Kxb7 40. Rf3
Rh2 41. Qf1 Qh4 42. fxe6 fxe6 43. Rf4 Rh3 44. Re1 Rg3 45. Rf5 Qxg4+ 46. Qf4
Rxf5 47. Kxd4 Rxf4+ 48. Re4 Qf5 49. Kc4 Rxe4+ 50. Kc3 Rc4+ 51. Kb2 Qxf6+ 52. d4
Qxd4+ 53. Kb1 Rg1# 0-1

[Event "ICS rated blitz match"]
[Site "204.178.125.65"]
[Date "2000.05.19"]
[Round "?"]
[White "QueenMaxima"]
[Black "Hossa"]
[Result "1-0"]
[WhiteElo "2503"]
[BlackElo "2424"]
[PlyCount "121"]
[EventDate "2000.??.??"]

1. e4 c5 2. Nf3 Nc6 3. d4 cxd4 4. Nxd4 e6 5. Nc3 Nf6 6. Ndb5 d6 7. Bf4 e5 8.
Bg5 a6 9. Na3 Be7 10. Bxf6 gxf6 11. Nd5 f5 12. Bd3 Be6 13. Nxe7 Nxe7 14. exf5
Bxf5 15. Nc4 O-O 16. Bxf5 Nxf5 17. Qg4+ Ng7 18. O-O-O Qf6 19. Nxd6 Rad8 20.
Nxb7 Rxd1+ 21. Rxd1 Qxf2 22. Nd6 Qf6 23. c4 Rd8 24. c5 Qf2 25. c6 Qb6 26. Qc4
Ne6 27. b4 h6 28. g4 Qe3+ 29. Kb2 Qb6 30. Kc2 Qa7 31. h4 Kf8 32. Nf5 Rxd1 33.
Kxd1 Qb6 34. Kc1 Ke8 35. Qd5 Qa7 36. Nxh6 Qg1+ 37. Qd1 Qe3+ 38. Qd2 Qa7 39. Nf5
Qc7 40. Qd6 Qxd6 41. Nxd6+ Ke7 42. Nf5+ Kd8 43. Nh6 Ke8 44. a4 Nc7 45. Nf5 Nd5
46. h5 Kf8 47. g5 Nc7 48. Nd6 Nd5 49. b5 axb5 50. axb5 Kg7 51. Ne8+ Kh8 52. Nf6
Ne7 53. c7 Nc8 54. Nd7 Kg7 55. b6 Nxb6 56. Nxb6 f6 57. c8=Q Kf7 58. Qd7+ Kf8
59. g6 Kg8 60. h6 f5 61. Qg7# {Hossa checkmated} 1-0

[Event "ICS rated blitz match"]
[Site "204.178.125.65"]
[Date "2000.05.19"]
[Round "?"]
[White "Hossa"]
[Black "Lagrange"]
[Result "1-0"]
[WhiteElo "2412"]
[BlackElo "2082"]
[PlyCount "99"]
[EventDate "2000.??.??"]

1. d4 Nf6 2. Nf3 g6 3. c4 Bg7 4. g3 O-O 5. Bg2 d6 6. Nc3 Nc6 7. O-O a6 8. d5
Na5 9. Qd3 c5 10. Bg5 Rb8 11. Ne4 b5 12. cxb5 axb5 13. Nxf6+ exf6 14. Bf4 Nc4
15. Qc2 Nb6 16. Rfd1 Bf5 17. e4 Bg4 18. h3 Bxf3 19. Bxf3 Nc4 20. Bc1 Qd7 21.
Bg4 Qe7 22. Re1 h5 23. Be2 Ne5 24. f4 Nd7 25. a4 bxa4 26. Rxa4 Nb6 27. Ra6 Qd7
28. f5 Qe7 29. Bd2 Nd7 30. Ra7 Rfd8 31. Bc3 Qe8 32. Rea1 Ne5 33. Ba5 Rd7 34.
Bc7 Rc8 35. Bb5 Rcxc7 36. Rxc7 Qd8 37. Rxd7 Nxd7 38. Bc6 Kh7 39. Ra8 Qc7 40.
Qe2 Ne5 41. Qa6 Bh6 42. fxg6+ Kxg6 43. Rc8 Qe7 44. Re8 Qc7 45. Rg8+ Kh7 46. Qa8
Qb6 47. Rh8+ Kg6 48. Qg8+ Bg7 49. Qh7+ Kg5 50. Qxh5# {Lagrange checkmated} 1-0

[Event "ICS rated blitz match"]
[Site "204.178.125.65"]
[Date "2000.05.19"]
[Round "?"]
[White "Lagrange"]
[Black "Hossa"]
[Result "0-1"]
[WhiteElo "2078"]
[BlackElo "2416"]
[PlyCount "68"]
[EventDate "2000.??.??"]

1. d4 Nf6 2. c4 e6 3. Bd2 c5 4. e3 cxd4 5. exd4 d5 6. Nf3 dxc4 7. Bxc4 Nc6 8.
Bc3 Be7 9. O-O O-O 10. Re1 b6 11. Nbd2 Bb7 12. Ne5 Nxd4 13. Bd3 Qd5 14. Ne4
Rad8 15. f4 Nb5 16. Qc2 Nxe4 17. Bxe4 Qc5+ 18. Kh1 Bxe4 19. Rxe4 Nxc3 20. bxc3
Bf6 21. Rae1 Bh4 22. g3 Bf6 23. c4 Bxe5 24. fxe5 Rd7 25. Rh4 h6 26. Rg4 Rfd8
27. Re2 Rd1+ 28. Kg2 Qg1+ 29. Kh3 Qf1+ 30. Kh4 g5+ 31. Rxg5+ hxg5+ 32. Kxg5
R1d4 33. Rf2 Rxc4 34. Qb1 Qxb1 {Lagrange resigns} 0-1

[Event "ICS rated blitz match"]
[Site "204.178.125.65"]
[Date "2000.05.19"]
[Round "?"]
[White "Hossa"]
[Black "QueenMaxima"]
[Result "1-0"]
[WhiteElo "2420"]
[BlackElo "2525"]
[PlyCount "177"]
[EventDate "2000.??.??"]

1. d4 Nf6 2. Nf3 g6 3. c4 Bg7 4. g3 O-O 5. Bg2 d6 6. Nc3 Nbd7 7. Bg5 h6 8. Bd2
c5 9. O-O cxd4 10. Nxd4 Ne5 11. b3 Qb6 12. Nc2 Bf5 13. Qc1 Bxc2 14. Qxc2 Nc6
15. Rad1 Qc5 16. Ne4 Nxe4 17. Qxe4 Qa3 18. Qb1 Rab8 19. Bd5 Nd4 20. Rfe1 Kh7
21. Bg2 b5 22. e3 Ne6 23. cxb5 Rxb5 24. Bf1 Rh5 25. e4 Nd4 26. Be2 Nxe2+ 27.
Rxe2 Rc8 28. Be3 Re5 29. Rc2 Rxc2 30. Qxc2 Ra5 31. Rd2 Qb4 32. Qc7 Re5 33. f3
d5 34. Qxa7 dxe4 35. f4 Rh5 36. Qa8 Ra5 37. Qe8 f5 38. Qd8 Ra6 39. Qc7 Ra8 40.
Kg2 Bf6 41. Qc6 Qa5 42. Kh1 Kh8 43. a4 Rb8 44. Qc4 Kg7 45. Rd1 Qc3 46. Qxc3
Bxc3 47. Rc1 Bf6 48. Rb1 e5 49. fxe5 Bxe5 50. Kg2 g5 51. Kf2 f4 52. Bc5 h5 53.
Be7 Kg6 54. b4 Re8 55. Bc5 h4 56. gxh4 gxh4 57. a5 Bc7 58. a6 Rd8 59. Ke1 Kf5
60. b5 Ba5+ 61. Kf1 Ra8 62. a7 h3 63. b6 Bxb6 64. Bxb6 Ke6 65. Rd1 Rc8 66. Rd8
Rc1+ 67. Ke2 Rc2+ 68. Kd1 Ra2 69. a8=Q Rxa8 70. Rxa8 Kd7 71. Rd8+ Ke6 72. Re8+
Kf5 73. Bc7 f3 74. Ke1 Kg4 75. Rxe4+ Kf5 76. Rh4 Ke6 77. Rxh3 Kd7 78. Rxf3 Kxc7
79. h4 Kd6 80. h5 Ke5 81. h6 Ke4 82. Rg3 Kf4 83. Rg1 Ke4 84. h7 Kd4 85. Rg5 Kc3
86. h8=Q+ Kd3 87. Rc5 Ke3 88. Rc4 Kf3 89. Qh3# 1-0

[Event "ICS rated blitz match"]
[Site "204.178.125.65"]
[Date "2000.05.19"]
[Round "?"]
[White "TerraPi"]
[Black "Hossa"]
[Result "0-1"]
[WhiteElo "2174"]
[BlackElo "2441"]
[PlyCount "110"]
[EventDate "2000.??.??"]

1. c4 Nf6 2. d4 e6 3. Nf3 d5 4. Bg5 Bb4+ 5. Nc3 Nbd7 6. e3 c5 7. Bd3 Qa5 8. O-O
cxd4 9. exd4 dxc4 10. Bxc4 Bxc3 11. bxc3 Qxc3 12. Qa4 O-O 13. Rac1 Qb2 14. Bb5
Nb6 15. Qb3 Qxb3 16. axb3 Bd7 17. Bxd7 Nfxd7 18. Rc7 Rab8 19. Rfc1 f6 20. Bh4
Rfc8 21. Kh1 g5 22. Bg3 g4 23. Ne1 a6 24. Nd3 Rxc7 25. Rxc7 Rc8 26. Rxc8+ Nxc8
27. Nc5 Nxc5 28. dxc5 Ne7 29. f3 h5 30. fxg4 hxg4 31. Be1 e5 32. h3 gxh3 33.
gxh3 f5 34. Bc3 e4 35. Kg2 f4 36. Kf2 Kf7 37. Be1 Nf5 38. Bc3 Ke6 39. b4 Kd5
40. Bf6 Kc4 41. Bg5 Kxb4 42. Bxf4 Kxc5 43. Ke2 a5 44. Kd2 b5 45. Bc7 a4 46. Kc2
Kc4 47. Bf4 b4 48. Kb2 e3 49. Kc1 a3 50. Bxe3 Nxe3 51. Kd2 Kd4 52. Kc1 Kc3 53.
Kb1 b3 54. h4 a2+ 55. Ka1 Nc2# {TerraPi checkmated} 0-1

[Event "ICS rated blitz match"]
[Site "204.178.125.65"]
[Date "2000.05.19"]
[Round "?"]
[White "Hossa"]
[Black "TerraPi"]
[Result "1-0"]
[WhiteElo "2447"]
[BlackElo "2168"]
[PlyCount "145"]
[EventDate "2000.??.??"]

1. d4 Nc6 2. Nf3 d5 3. c4 e5 4. Nxe5 Bb4+ 5. Nc3 Nxe5 6. dxe5 Bxc3+ 7. bxc3
dxc4 8. Qxd8+ Kxd8 9. Rb1 b6 10. e4 Ba6 11. f4 Nh6 12. f5 Ng4 13. Bg5+ Kc8 14.
e6 fxe6 15. fxe6 Re8 16. Be2 Ne5 17. O-O Rxe6 18. Bh5 h6 19. Bf4 Kb7 20. Bxe5
Rxe5 21. Bf7 c6 22. Bg6 Rc8 23. Rbd1 Re7 24. Kf2 Rf8+ 25. Kg3 Rxf1 26. Rxf1 b5
27. h4 Kb6 28. Kf4 Rd7 29. e5 Bc8 30. Re1 Bb7 31. e6 Re7 32. Ke5 Kc5 33. Rd1
Bc8 34. Bf7 Kb6 35. Kd6 Rc7 36. Be8 a5 37. Bd7 g5 38. Bxc8 Rxc8 39. e7 gxh4 40.
Rf1 Re8 41. Rf4 b4 42. cxb4 axb4 43. Rxc4 Kb5 44. Rc5+ Kb6 45. Rxc6+ Kb7 46.
Rc4 Rg8 47. Rxb4+ Ka6 48. Rxh4 h5 49. Kd7 Kb7 50. Rb4+ Ka7 51. Kc7 Ka6 52. Rb8
Rg7 53. Kc6 Rxe7 54. Ra8+ Ra7 55. Rxa7+ Kxa7 56. Kd6 Kb6 57. Ke6 Kc7 58. Kf6
Kb6 59. Kg5 Kc7 60. Kxh5 Kd6 61. g4 Ke5 62. g5 Kd6 63. g6 Ke7 64. a4 Ke6 65. a5
Kd6 66. g7 Kc5 67. g8=Q Kb5 68. Qd8 Kc4 69. a6 Kc3 70. a7 Kc4 71. a8=Q Kc5 72.
Qaa5+ Kc4 73. Qdd5# {TerraPi checkmated} 1-0

[Event "ICS rated blitz match"]
[Site "204.178.125.65"]
[Date "2000.05.19"]
[Round "?"]
[White "Hossa"]
[Black "PostModernist"]
[Result "0-1"]
[WhiteElo "2452"]
[BlackElo "2645"]
[PlyCount "120"]
[EventDate "2000.??.??"]

1. d4 Nf6 2. Nf3 g6 3. c4 Bg7 4. g3 c6 5. Nc3 O-O 6. e4 d5 7. e5 Ne4 8. Bd3
Nxc3 9. bxc3 Bh3 10. Ng5 dxc4 11. Bxc4 Bg2 12. Rg1 Bd5 13. Bb3 c5 14. e6 cxd4
15. exf7+ Kh8 16. cxd4 Bf6 17. Ne6 Bxe6 18. Bxe6 Nc6 19. Be3 Qd6 20. d5 Nd8 21.
Bg4 Nxf7 22. Rc1 Rad8 23. Be6 Ng5 24. Bxg5 Bxg5 25. f4 Bf6 26. Qd2 Qb6 27. Rg2
Rd6 28. Kf1 Rfd8 29. Qc2 Qe3 30. Re2 Qf3+ 31. Rf2 Qe3 32. Kg2 b5 33. Re2 Qd4
34. Qb3 a6 35. Rc7 Kg7 36. Kf1 Qb6 37. Qc2 a5 38. Qc1 b4 39. Qc4 Qa6 40. Qc2
Qb6 41. Kg2 a4 42. Re1 b3 43. axb3 axb3 44. Qc4 Ra8 45. Rc8 Ra2+ 46. Kh3 Qf2
47. Rg8+ Kh6 48. Re5 Qxh2+ 49. Kg4 Rg2 50. Qd3 Qh4+ 51. Kf3 Rxg3+ 52. Ke4 Qh1+
53. Kd4 Bxe5+ 54. fxe5 Rxd3+ 55. Kxd3 Rxd5+ 56. Kc4 Qe4+ 57. Kc3 Qd4+ 58. Kxb3
Rb5+ 59. Kc2 Rb2+ 60. Kc1 Qd2# {Hossa checkmated} 0-1

[Event "ICS rated blitz match"]
[Site "204.178.125.65"]
[Date "2000.05.19"]
[Round "?"]
[White "Ramiro"]
[Black "Hossa"]
[Result "1-0"]
[WhiteElo "2224"]
[BlackElo "2444"]
[PlyCount "87"]
[EventDate "2000.??.??"]

1. e4 c5 2. Nf3 Nc6 3. d4 cxd4 4. Nxd4 e6 5. Nc3 Bc5 6. Be3 Bb4 7. Be2 Nge7 8.
O-O Bxc3 9. bxc3 d5 10. Nxc6 bxc6 11. Bc5 dxe4 12. Qc1 O-O 13. Qa3 Re8 14. Rfd1
Bd7 15. Rd2 Nd5 16. Rad1 Qc7 17. c4 Nf6 18. Bd6 Qb6 19. Be5 e3 20. Bxf6 exd2
21. Qg3 g6 22. Qg5 Qb4 23. c5 Qxc5 24. Qxc5 e5 25. Rxd2 Bf5 26. Bc4 h6 27. Qe3
Kh7 28. h3 Be6 29. Bb3 e4 30. Rd6 Bd5 31. Bxd5 cxd5 32. Rd7 g5 33. Qd4 Rf8 34.
Qxd5 Kg8 35. Bd4 Rae8 36. Bxa7 Re6 37. Bc5 Rb8 38. Qf5 Re7 39. Rxe7 Rf8 40. Rc7
e3 41. Bxf8 exf2+ 42. Kxf2 f6 43. Qg6+ Kxf8 44. Qf7# {Hossa checkmated} 1-0

[Event "ICS rated blitz match"]
[Site "204.178.125.65"]
[Date "2000.05.19"]
[Round "?"]
[White "Hossa"]
[Black "PostModernist"]
[Result "0-1"]
[WhiteElo "2419"]
[BlackElo "2659"]
[PlyCount "108"]
[EventDate "2000.??.??"]

1. d4 Nf6 2. a3 e6 3. e3 d5 4. Nf3 c5 5. Be2 cxd4 6. exd4 Bd6 7. O-O O-O 8. Re1
Nc6 9. b3 Bd7 10. Bg5 Qe7 11. c3 Rfc8 12. Bd3 h6 13. Bxf6 Qxf6 14. Nbd2 e5 15.
c4 Nxd4 16. cxd5 Bg4 17. Be4 Qe7 18. Qb1 Bxf3 19. Nxf3 Nxf3+ 20. Bxf3 Bxa3 21.
Qf5 g6 22. Qd3 Bd6 23. Qe3 Qg5 24. Qe2 Rc3 25. Qd1 f5 26. Be2 a5 27. Bc4 e4 28.
Qd4 Rc2 29. Qb6 Qd8 30. Qe3 Be5 31. Rad1 Kh7 32. Re2 Rc3 33. Qc5 Qd6 34. Qxd6
Bxd6 35. Ra2 a4 36. Raa1 Ra5 37. Rdb1 a3 38. Ra2 Rc5 39. Rd2 b5 40. Bf1 Rc1 41.
Rxc1 Rxc1 42. g4 fxg4 43. Kg2 Rb1 44. Rc2 Rxb3 45. Kg1 Rb2 46. Rc8 a2 47. Ra8
Bc5 48. Kh1 Rxf2 49. Bxb5 e3 50. Bd3 e2 51. Bxe2 Rxe2 52. h3 g3 53. Rxa2 g2+
54. Kh2 g1=Q# {Hossa checkmated} 0-1

[Event "ICS rated blitz match"]
[Site "204.178.125.65"]
[Date "2000.05.19"]
[Round "?"]
[White "blunite"]
[Black "Hossa"]
[Result "0-1"]
[WhiteElo "2185"]
[BlackElo "2413"]
[PlyCount "58"]
[EventDate "2000.??.??"]

1. Nf3 d5 2. d4 e6 3. e3 c5 4. c3 Nc6 5. Bd3 Nf6 6. Nbd2 Bd6 7. O-O O-O 8. Re1
e5 9. dxc5 Bxc5 10. e4 Ng4 11. Re2 Be6 12. h3 Nf6 13. Bc2 dxe4 14. Nxe4 Nxe4
15. Qxd8 Raxd8 16. Bxe4 Rd1+ 17. Re1 Rfd8 18. Bg5 Rxe1+ 19. Rxe1 f6 20. b4 Bb6
21. b5 Na5 22. Be3 Bxe3 23. fxe3 Rc8 24. Rc1 b6 25. Bb1 Nc4 26. Kf2 Na3 27. Be4
Nxb5 28. a4 Nxc3 29. Ke1 Nxe4 {blunite resigns} 0-1

[Event "ICS rated blitz match"]
[Site "204.178.125.65"]
[Date "2000.05.19"]
[Round "?"]
[White "Hossa"]
[Black "blunite"]
[Result "1-0"]
[WhiteElo "2420"]
[BlackElo "2178"]
[PlyCount "93"]
[EventDate "2000.??.??"]

1. d4 Nf6 2. g3 d5 3. Bg2 Bf5 4. c4 e6 5. Nd2 c6 6. Ngf3 h6 7. Qb3 Qc8 8. Ne5
Nbd7 9. Nxd7 Qxd7 10. O-O Bd6 11. Re1 O-O 12. c5 Bb8 13. Nf3 Qe7 14. a4 Be4 15.
a5 Qc7 16. a6 b6 17. Bf4 Qc8 18. cxb6 axb6 19. Bxb8 Qxb8 20. Ne5 Bxg2 21. Kxg2
Rc8 22. Kg1 c5 23. e3 c4 24. Qb4 Qc7 25. f3 Rcb8 26. Rec1 b5 27. Qc5 Rc8 28.
Qxc7 Rxc7 29. Nd3 Nd7 30. Ra5 Rb8 31. Kf2 Ra7 32. Nb4 Rb6 33. Ke2 Nb8 34. h4
Kf8 35. Rca1 Ke7 36. Kd2 Kd6 37. Kc3 h5 38. e4 f6 39. exd5 exd5 40. g4 g6 41.
gxh5 gxh5 42. R5a3 Nc6 43. Nxc6 Rxc6 44. Kb4 Rb6 45. Ra5 Kc6 46. f4 Rb8 47. Re1
{blunite resigns} 1-0

[Event "ICS rated blitz match"]
[Site "204.178.125.65"]
[Date "2000.05.19"]
[Round "?"]
[White "blunite"]
[Black "Hossa"]
[Result "0-1"]
[WhiteElo "2172"]
[BlackElo "2426"]
[PlyCount "30"]
[EventDate "2000.??.??"]

1. Nf3 d5 2. d4 e6 3. e3 c5 4. c3 Nc6 5. Bd3 Nf6 6. Nbd2 Bd6 7. a3 e5 8. dxc5
Bxc5 9. b4 e4 10. bxc5 exd3 11. Nd4 Ne5 12. N2b3 Ne4 13. Bb2 d2+ 14. Ke2 Qf6
15. f3 Qa6+ {blunite resigns} 0-1

[Event "ICS rated blitz match"]
[Site "204.178.125.65"]
[Date "2000.05.19"]
[Round "?"]
[White "Hossa"]
[Black "blunite"]
[Result "1-0"]
[WhiteElo "2432"]
[BlackElo "2166"]
[PlyCount "77"]
[EventDate "2000.??.??"]

1. d4 b6 2. c4 Bb7 3. Nf3 g6 4. d5 Bg7 5. Nc3 c6 6. e4 cxd5 7. cxd5 d6 8. Bd3
Nd7 9. O-O Ngf6 10. Bf4 Nh5 11. Be3 O-O 12. Bb5 Nhf6 13. Bc6 Qb8 14. Bxd7 Nxd7
15. Qd2 Re8 16. Bh6 Bh8 17. Rfc1 a6 18. Ng5 Qd8 19. g3 Rc8 20. Ne2 Rc5 21. b4
Rxc1+ 22. Rxc1 Qb8 23. Nd4 Rc8 24. Rc2 Rxc2 25. Nxc2 Qc7 26. a4 b5 27. axb5
axb5 28. f4 Nb6 29. Nf3 Nc4 30. Qe2 e6 31. dxe6 fxe6 32. Ng5 Qb6+ 33. Kf1 d5
34. e5 Bg7 35. Bxg7 Kxg7 36. Qf2 Qc6 37. Nd4 Qd7 38. Ndxe6+ Kg8 39. Qc5 {
blunite resigns} 1-0

[Event "ICS rated blitz match"]
[Site "204.178.125.65"]
[Date "2000.05.19"]
[Round "?"]
[White "PostModernist"]
[Black "Hossa"]
[Result "1/2-1/2"]
[WhiteElo "2674"]
[BlackElo "2438"]
[PlyCount "171"]
[EventDate "2000.??.??"]

1. e4 c5 2. c3 e6 3. d4 d5 4. e5 Nc6 5. Nf3 Bd7 6. a3 c4 7. h4 Nge7 8. h5 f6 9.
Bf4 fxe5 10. Bxe5 Nxe5 11. Nxe5 Nc6 12. Nxc6 bxc6 13. h6 g6 14. Nd2 Bd6 15. Nf3
O-O 16. Qc2 Rb8 17. Be2 Qb6 18. Ra2 c5 19. Qd1 cxd4 20. Qxd4 Rf7 21. Qxb6 Rxb6
22. a4 a5 23. g3 e5 24. Ng5 Rf8 25. O-O Bc5 26. g4 Be7 27. Nh3 Rfb8 28. Rd1 Be6
29. Rd2 Bf8 30. Bf3 e4 31. Bg2 g5 32. f3 Bxh6 33. Re2 Rf8 34. Re3 exf3 35. Bxf3
Kf7 36. Ra1 Rxb2 37. Rf1 Bd7 38. Re5 Kg6 39. Rxd5 Bxa4 40. Be4+ Kg7 41. Nxg5
Rxf1+ 42. Kxf1 Rb5 43. Ne6+ Kg8 44. g5 Bg7 45. Nc5 Bd1 46. Rd8+ Kf7 47. Rd7+
Ke8 48. Rxg7 Rxc5 49. Bxh7 Kf8 50. Rg8+ Ke7 51. Rg7+ Kd6 52. Rg6+ Kc7 53. Rg7+
Kb6 54. Rg6+ Kb5 55. Rd6 Bf3 56. g6 Rg5 57. Kf2 Bc6 58. Ke3 Rg2 59. Rd2 Rxd2
60. Kxd2 Be4 61. Kc1 Bf5 62. Kb2 a4 63. Ka3 Ka5 64. Bg8 Bxg6 65. Bxc4 Bc2 66.
Kb2 Bd1 67. Ka3 Kb6 68. Kb4 Bc2 69. Bb5 a3 70. Bc4 a2 71. Bxa2 Kc7 72. Bb3 Bxb3
73. Kxb3 Kb7 74. Kb4 Kb6 75. c4 Kc6 76. c5 Kc7 77. Kb5 Kb7 78. c6+ Kc7 79. Kc5
Kc8 80. Kc4 Kc7 81. Kb5 Kc8 82. Kc4 Kc7 83. Kd5 Kc8 84. Kd6 Kd8 85. c7+ Kc8 86.
Kc6 {Hossa stalemated} 1/2-1/2

[Event "ICS rated blitz match"]
[Site "204.178.125.65"]
[Date "2000.05.19"]
[Round "?"]
[White "QueenMaxima"]
[Black "Hossa"]
[Result "1-0"]
[WhiteElo "2485"]
[BlackElo "2447"]
[PlyCount "137"]
[EventDate "2000.??.??"]

1. e4 c5 2. Nf3 e6 3. d4 cxd4 4. Nxd4 a6 5. Bd3 Bc5 6. Nb3 Ba7 7. Nc3 Nc6 8.
Qe2 d6 9. Be3 Bxe3 10. Qxe3 Nf6 11. O-O-O O-O 12. f4 b5 13. e5 Nd5 14. Qe4 Qh4
15. g3 Qh6 16. exd6 f5 17. Qf3 Ne5 18. Qf2 Ng4 19. Qe2 Nxc3 20. bxc3 Rd8 21.
Nc5 Qf6 22. Kb2 Rxd6 23. Ne4 fxe4 24. Bxe4 Rxd1 25. Rxd1 Rb8 26. Qxg4 b4 27.
Qg5 bxc3+ 28. Ka1 Qxg5 29. fxg5 Kf7 30. Rd3 Rb4 31. Bxh7 g6 32. Rxc3 Bd7 33.
Rf3+ Kg7 34. Rf6 Be8 35. Rxe6 Bf7 36. Re7 Ra4 37. h4 Kf8 38. Ra7 Rxa2+ 39. Kb1
Ra5 40. g4 Rb5+ 41. Kc1 a5 42. c3 Rc5 43. Kd2 Rd5+ 44. Kc2 Rb5 45. Kd3 Re5 46.
Kd4 Rd5+ 47. Ke3 Be8 48. Ra8 Ke7 49. Ra6 Rd6 50. Rxd6 Kxd6 51. h5 gxh5 52. Kf4
hxg4 53. g6 Bxg6 54. Bxg6 a4 55. Bf7 a3 56. Ba2 Kc5 57. Kxg4 Kb6 58. Kf5 Ka5
59. Ke4 Kb6 60. Kd5 Kb5 61. Bb1 Ka5 62. c4 Ka4 63. c5 Kb4 64. c6 Kb5 65. c7 Kb6
66. c8=Q a2 67. Qb8+ Ka5 68. Kc5 a1=Q 69. Qa8# {Hossa checkmated} 1-0

[Event "ICS rated blitz match"]
[Site "204.178.125.65"]
[Date "2000.05.19"]
[Round "?"]
[White "Hossa"]
[Black "Sjeng"]
[Result "1-0"]
[WhiteElo "2433"]
[BlackElo "2413"]
[PlyCount "147"]
[EventDate "2000.??.??"]

1. d4 Nf6 2. g3 e6 3. Nf3 Nc6 4. Bg2 Be7 5. c4 O-O 6. O-O d5 7. c5 b6 8. cxb6
axb6 9. Bf4 Bd6 10. Bg5 Nb4 11. Nc3 c5 12. Qd2 cxd4 13. Nxd4 Bb7 14. Rfc1 Rc8
15. a3 Nc6 16. Nxc6 Rxc6 17. e4 Rc5 18. exd5 Bxd5 19. Bxd5 exd5 20. b4 Rc6 21.
Nxd5 Rxc1+ 22. Rxc1 Be7 23. Bxf6 Bxf6 24. Rc6 b5 25. Nxf6+ gxf6 26. Qe2 Qd7 27.
Qxb5 Ra8 28. Qc5 Rxa3 29. Rc8+ Kg7 30. Qf8+ Kg6 31. Qg8+ Kh6 32. Rc1 Ra2 33.
Qf8+ Kg6 34. Rf1 Qb7 35. Qg8+ Kh6 36. Qd8 Kg6 37. Qd4 f5 38. h4 f6 39. Re1 Kg7
40. Qc5 Kg6 41. h5+ Kg5 42. Qc4 Ra6 43. b5 Rb6 44. Qf4+ Kxh5 45. Qxf5+ Kh6 46.
Rd1 Qf7 47. Rd7 Qxd7 48. Qxd7 Kg6 49. Qe8+ Kg7 50. Qc6 Rxc6 51. bxc6 Kg8 52. c7
Kf7 53. c8=Q Kg7 54. Qd7+ Kg6 55. Qe6 Kg7 56. Qxf6+ Kxf6 57. f3 Ke5 58. Kf2 h5
59. Ke3 Kf5 60. Kd4 Kg6 61. Ke5 h4 62. gxh4 Kh5 63. f4 Kh6 64. f5 Kg7 65. f6+
Kg6 66. Ke6 Kh5 67. f7 Kxh4 68. Kf5 Kg3 69. Ke4 Kf2 70. f8=Q+ Ke2 71. Qh8 Kd1
72. Qb2 Ke1 73. Ke3 Kd1 74. Qb1# {Sjeng checkmated} 1-0

[Event "ICS rated blitz match"]
[Site "204.178.125.65"]
[Date "2000.05.19"]
[Round "?"]
[White "Sjeng"]
[Black "Hossa"]
[Result "0-1"]
[WhiteElo "2398"]
[BlackElo "2448"]
[PlyCount "126"]
[EventDate "2000.??.??"]

1. d4 Nf6 2. c4 e6 3. Nc3 Bb4 4. Qc2 d5 5. cxd5 Qxd5 6. e3 Qe4 7. Qa4+ Nc6 8.
Nge2 O-O 9. Bd2 Qg4 10. h3 Qg5 11. h4 Qa5 12. Qxa5 Bxa5 13. O-O-O Rd8 14. Ng3
e5 15. dxe5 Nxe5 16. f3 Be6 17. Kb1 Rd7 18. f4 Neg4 19. f5 Bxf5+ 20. Nxf5 Nf2
21. Nd5 Nxd5 22. Bxa5 Nxd1 23. Bb5 Nf2 24. Rf1 c6 25. Bc4 Ne4 26. Be2 g6 27.
Nh6+ Kg7 28. Ng4 h5 29. Bf3 Ng3 30. Ne5 Re7 31. Nxc6 bxc6 32. Rc1 Ne4 33. Rxc6
Nxe3 34. Ka1 Rae8 35. Kb1 Rd7 36. Ra6 Rc8 37. a4 Rc4 38. b3 Nc3+ 39. Kc1 Rc5
40. Bxc3+ Rxc3+ 41. Kb2 Rc2+ 42. Ka3 Rxg2 43. Bxg2 Nxg2 44. b4 Nxh4 45. Rc6 g5
46. Rc5 f5 47. Kb2 Rf7 48. Kc2 Ng2 49. Kb3 Nf4 50. Rc6 Rd7 51. Kc4 h4 52. Rc8
h3 53. Kb5 Ne2 54. Kc6 Rf7 55. Rd8 h2 56. Rd1 Ng1 57. Rd5 h1=Q 58. a5 Rf8 59.
a6 Rd8 60. Kb5 Qxd5+ 61. Ka4 Qa2+ 62. Kb5 Rd7 63. Kc6 Qd5# {Sjeng checkmated}
0-1